Ucl winners (1993-2024) - Statistics

General Stats
  • This quiz has been taken 50 times
  • The average score is 31 of 32
Answer Stats
Year Winner % Correct
2000/2001 Bayern Munich
100%
2012/2013 Bayern Munich
100%
2019/2020 Bayern Munich
100%
2011/2012 Chelsea
100%
2020/2021 Chelsea
100%
2005/2006 Fc Barcelona
100%
2008/2009 Fc Barcelona
100%
2010/2011 Fc Barcelona
100%
2014/2015 Fc Barcelona
100%
2004/2005 Liverpool
100%
2018/2019 Liverpool
100%
2022/2023 Manchester City
100%
1998/1999 Manchester United
100%
2007/2008 Manchester United
100%
1997/1998 Real Madrid
100%
1999/2000 Real Madrid
100%
2001/2002 Real Madrid
100%
2013/2014 Real Madrid
100%
2015/2016 Real Madrid
100%
2016/2017 Real Madrid
100%
2017/2018 Real Madrid
100%
2021/2022 Real Madrid
100%
2023/2024 Real Madrid
100%
1993/1994 Ac Milan
98%
2002/2003 Ac Milan
98%
2006/2007 Ac Milan
98%
2009/2010 Inter Milan
98%
2003/2004 Fc Porto
93%
1996/1997 Borussia Dortmund
91%
1995/1996 Juventus
91%
1994/1995 Ajax
77%
1992/1993 Marseille
65%
No matching quizzes found
Score Distribution
Percent of People with Each Score
Percentile by Number Answered
Your Score History
You have not taken this quiz